Travel Around the World (Word Chain) #2 - Statistics

General Stats
  • This quiz has been taken 279 times
  • The average score is 8 of 18
Answer Stats
Destination City % Correct
San Francisco
92%
Amsterdam
87%
Madrid
83%
Osaka
83%
Frankfurt
56%
Dusseldorf
51%
Tashkent
47%
London
43%
Istanbul
33%
Vienna
32%
Tel Aviv
28%
Dubai
26%
Abu Dhabi
25%
Naples
23%
Islamabad
20%
Astana
18%
Stuttgart
16%
Thessaloniki
10%
No matching quizzes found
Score Distribution
Percent of People with Each Score
Percentile by Number Answered
Your Score History
You have not taken this quiz